|
|
|
|
| LEADER |
00000nam a2200000 a 4500 |
| 001 |
vtls001466544 |
| 003 |
SK-MaSNL |
| 005 |
20260301203506.0 |
| 008 |
160624s2003 xo | gs 00000 slo |
| 015 |
|
|
|a SNBS2004
|
| 035 |
|
|
|a SNK000421849
|
| 040 |
|
|
|a SNK
|b slo
|c SNK
|e AACR2
|
| 041 |
0 |
|
|a slo
|
| 044 |
|
|
|a xo
|c SK
|
| 072 |
|
7 |
|a 004
|x Počítačová veda. Výpočtová technika. Informačné technológie
|2 konspekt
|
| 080 |
|
|
|a 004
|2 2001
|
| 080 |
|
|
|a 004.3
|2 2001
|
| 080 |
|
|
|a (0.034.44)
|2 2001
|
| 245 |
0 |
0 |
|a CD Revue
|n 10/2003
|h elektronický zdroj
|b príloha časopisu PC Revue
|
| 256 |
|
|
|a Elektronické programy
|
| 256 |
|
|
|a Elektronické časopisy
|
| 260 |
|
|
|a [Bratislava]
|b PC Revue
|c 2003
|
| 300 |
|
|
|a 1 elektronický optický disk (CD-ROM)
|c 12 cm
|
| 500 |
|
|
|a CD-ROM obsahuje elektronickú verziu PC Revue č. 9/2003
|
| 650 |
0 |
7 |
|a počítače
|2 SNKPH
|9 2027
|
| 650 |
0 |
7 |
|a informačné technológie
|2 SNKPH
|9 1527
|
| 655 |
|
7 |
|a elektronické zdroje
|2 SNKPH
|9 90954
|
| 655 |
|
7 |
|a elektronické časopisy
|2 SNKPH
|9 70705
|
| 655 |
|
7 |
|a CD-ROM
|2 SNKPH
|9 70236
|
| 999 |
|
|
|c 902828
|d 904758
|
| 952 |
|
|
|t P60, <03>, [AUDIO], {603}, -K-
|a SNK
|b SNK
|y PREZ
|7 0
|p 17A0411039
|o snkSCDM 84/2003/10
|i snkJK 61/2004
|0 0
|1 0
|4 0
|d 2004-01-19
|l 0
|r 2005-01-02 00:00:00
|w 2026-02-24
|